000
00319 a2200145 4500
001
171616
020
_a
040
_c
Magnum
100
_a
Salgado, Mauro Ivan
240
1
0
_a
Risameno, o dentinho amarelo
_l
por
245
1
0
_a
Risameno, o dentinho amarelo
362
0
_a
1899
697
_a
I/PARADIDATICO
942
_c
BK
999
_c
171616
_d
171616